Decolonising Intervention: International Statebuilding in Mozambique (Record no. 8538)

MARC details
000 -LEADER
fixed length control field 00465nam a2200121Ia 4500
008 - FIXED-LENGTH DATA ELEMENTS--GENERAL INFORMATION
fixed length control field 220615s9999||||xx |||||||||||||| ||und||
100 ## - MAIN ENTRY--PERSONAL NAME
Personal name Meera Sabaratnam
245 #0 - TITLE STATEMENT
Title Decolonising Intervention: International Statebuilding in Mozambique
546 ## - LANGUAGE NOTE
Language note English[eng]
650 ## - SUBJECT ADDED ENTRY--TOPICAL TERM
Topical term or geographic name entry element International Relations||Postcolonial Politics||Colonialism||Comparative Politics||Identity
856 ## - ELECTRONIC LOCATION AND ACCESS
Uniform Resource Identifier <a href="https://www.rowmaninternational.com/media/1218/9781783482764_web.pdf">https://www.rowmaninternational.com/media/1218/9781783482764_web.pdf</a>
942 ## - ADDED ENTRY ELEMENTS (KOHA)
Koha item type E-Books
Holdings
Withdrawn status Lost status Damaged status Not for loan Home library Current library Date acquired Total Checkouts Date last seen Price effective from Koha item type
        Kerala University of Digital Sciences, Innovation and Technology Knowledge Centre Kerala University of Digital Sciences, Innovation and Technology Knowledge Centre 15/06/2022   15/06/2022 15/06/2022 E-Books